| 000 | 00516nam a2200157Ia 4500 | ||
|---|---|---|---|
| 008 | 150106 1993xxk er 001 0 eng d | ||
| 020 | _a851988008 | ||
| 040 | _aNG-ZaABU | ||
| 050 | _aSF 756 | ||
| 245 | 0 |
_aLivestock productivity enhancers: _bAn economic assessment/ |
|
| 260 |
_aWallingford: _bC.A.B Internation, _c1993 |
||
| 300 | _avii, 162p.: ill. | ||
| 500 | _aIncludes Index | ||
| 650 | _aLivestock production | ||
| 999 |
_c72621 _d72621 |
||